Animal Photographers Quiz Stats

Quiz Updated Jun 8, 2016

Also try: Kissing Animals
Challenge
Share
Tweet
Score 0/20 Timer 04:00
0 Plays Today
% Correct
Brown Bear
99.2%
Koala
98.6%
Monkey
97.3%
Panda
95.5%
Lion
94.4%
Cat
94.2%
Fox
94.1%
Dog
94.1%
Rabbit
93.8%
Owl
93.7%
% Correct
Polar Bear
93.2%
Penguins
93.1%
Red Squirrels
91.6%
Toad
91.4%
Beaver
90.9%
Chipmunks
86.3%
Meerkats
80.1%
Lemurs
77.4%
Kingfisher
36.1%
Bank Vole
32.8%

You're not logged in!

Compare scores with friends on all Sporcle quizzes.
Join for Free
OR
Log In

You Might Also Like...

Show Comments

Extras

Top Quizzes Today


Score Distribution

Your Account Isn't Verified!

In order to create a playlist on Sporcle, you need to verify the email address you used during registration. Go to your Sporcle Settings to finish the process.

Report this User

Report this user for behavior that violates our Community Guidelines.

Details: